| 000 | 00849nam a2200289 a 4500 | ||
|---|---|---|---|
| 001 | vtls001800535 | ||
| 003 | NLI | ||
| 005 | 20210629045702.0 | ||
| 008 | 140215s1937 enk 000 0 eng | ||
| 039 | 9 |
_y201402152246 _zVLOAD |
|
| 040 |
_a NLI _b eng _c Entertech IMP - 2013 _e AACR2 |
||
| 041 | 1 |
_aeng _h. |
|
| 044 | _aenk | ||
| 082 | _a152 | ||
| 100 | 1 |
_aHogben, Lancelot _9954921 |
|
| 245 | 1 | 0 |
_aMathematics for the million : _ba popular self educator / _cLancelot Hogben ; illustrated by J.F. Horrabin |
| 250 | _a. 2nd ed. | ||
| 260 |
_aLondon : _b[s.n.], _c1937 |
||
| 300 | _c22 cm. | ||
| 650 | 0 |
_aIbn Khallikans _xBiographical _vDictionaries |
|
| 700 | 1 |
_aHorrabin, J.F., _4ill _9801236 |
|
| 887 | _a | ||
| 901 | _aIMP39607 | ||
| 902 | _a152 D. 257 | ||
| 949 |
_AVIRTUAITEM _D10000 _X100 _6IMP000039607ENG |
||
| 942 |
_2ddc _cBKS |
||
| 999 |
_c1237102 _d1237102 |
||